Catálogo público

Memoria (Record no. 3617)

MARC details
000 -CABECERA
campo de control de longitud fija 01223nam a22003497a 4500
003 - IDENTIFICADOR DEL NÚMERO DE CONTROL
campo de control CHAP
005 - FECHA Y HORA DE LA ÚLTIMA TRANSACCIÓN
campo de control 20220817040951.0
008 - DATOS DE LONGITUD FIJA--INFORMACIÓN GENERAL
campo de control de longitud fija 971013s1989 r 10010 d
010 ## - NÚMERO DE CONTROL DE LA BIBLIOTECA DEL CONGRESO
Número de control de LC 3617
011 ## - ENLACE DEL NUMERO DE CONTROL DE LA BIBLIOTECA DEL CONGRESO [OBSOLETO]
Número de control de LC 4589
035 ## - NÚMERO DE CONTROL DEL SISTEMA
Número de control de sistema 3793
040 ## - FUENTE DE LA CATALOGACIÓN
Centro/agencia transcriptor CHAP
082 ## - NÚMERO DE LA CLASIFICACIÓN DECIMAL DEWEY
Número de clasificación 633.1
Número de documento/Ítem M48 1989
111 00 - ENTRADA PRINCIPAL--NOMBRE DE CONGRESO/REUNIÓN
Nombre de congreso/reunión o jurisdicción como elemento de entrada Mesa Redonda Latinoamericana sobre Prevención de Pérdidas Postcosecha de Granos (
Número del congreso/reunión o número de parte o sección 4
Fecha del congreso/reunión : 1989
Sede del congreso/Lugar de la reunión : México, D. F.)
245 ## - MENCIÓN DE TÍTULO
Título Memoria
260 ## - PUBLICACIÓN, DISTRIBUCIÓN, ETC.
Lugar de publicación, distribución, etc. México, D. F. :
Nombre del editor, distribuidor, etc. CONASUPO,
Fecha de publicación, distribución, etc. [1989]
300 ## - DESCRIPCIÓN FÍSICA
Extensión 387 p.
Otras características físicas ; ilus
500 ## - NOTA GENERAL
Nota general D50-190
590 ## - NOTA LOCAL (RLIN)
Nota local BATCH-UPD
Procedencia (VM) [OBSOLETO] 10
Condición del los carretes individuales (VM) [OBSOLETO] 20130110
-- UCH01
-- 1200
590 ## - NOTA LOCAL (RLIN)
Nota local BATCH-UPD
Procedencia (VM) [OBSOLETO] 10
Condición del los carretes individuales (VM) [OBSOLETO] 20130410
-- UCH01
-- 0743
590 ## - NOTA LOCAL (RLIN)
Nota local BATCH-UPD
Procedencia (VM) [OBSOLETO] 10
Condición del los carretes individuales (VM) [OBSOLETO] 20130914
-- UCH01
-- 0912
590 ## - NOTA LOCAL (RLIN)
Nota local CONVERSION
Procedencia (VM) [OBSOLETO] 10
Condición del los carretes individuales (VM) [OBSOLETO] 20130109
-- UCH01
-- 1303
650 14 - PUNTO DE ACCESO ADICIONAL DE MATERIA--TÉRMINO DE MATERIA
Término de materia o nombre geográfico como elemento de entrada Cereales
Subdivisión general Almacenamiento.
9 (RLIN) 21373
650 14 - PUNTO DE ACCESO ADICIONAL DE MATERIA--TÉRMINO DE MATERIA
Término de materia o nombre geográfico como elemento de entrada Cosechas
Subdivisión general Pérdidas de.
9 (RLIN) 28443
650 14 - PUNTO DE ACCESO ADICIONAL DE MATERIA--TÉRMINO DE MATERIA
Término de materia o nombre geográfico como elemento de entrada Maíz
Subdivisión general Almacenamiento.
9 (RLIN) 70853
650 14 - PUNTO DE ACCESO ADICIONAL DE MATERIA--TÉRMINO DE MATERIA
Término de materia o nombre geográfico como elemento de entrada Maíz
Subdivisión general América Latina.
9 (RLIN) 70859
901 ## - ELEMENTOS DE DATOS A LOCAL LDA (RLIN)
a BK
942 ## - ELEMENTOS DE PUNTO DE ACCESO ADICIONAL (KOHA)
Tipo de ítem Koha Libro
949 ## - PROCESAMIENTO DE INFORMACIÓN LOCAL (OCLC)
a 633.1 M48 1989
b BC
c CONG
d 33724000190237
e CONG
f c.2
h 80032
i 3793
s i
949 ## - PROCESAMIENTO DE INFORMACIÓN LOCAL (OCLC)
a 633.1 M48 1989
b BC
c LIBRO
d 33724000190229
e LIBRO
h 80031
i 3793
s i
949 ## - PROCESAMIENTO DE INFORMACIÓN LOCAL (OCLC)
a 633.1 M48 1989
b BC
c LIBRO
d 33724000679510
e LIBRO
f c.3
h 80033
i 3793
s i
Holdings
Estado de retiro Estado de pérdida Fuente del sistema de clasificación o colocación Estado dañado Restricciones de uso No para préstamo Código de colección Localización permanente Ubicación/localización actual Ubicación en estantería Fecha de adquisición Información codificada de la localización en otra ubicación Total de préstamos Signatura topográfica completa Código de barras Fecha visto por última vez Número de copia Precio válido a partir de Tipo de ítem Koha
    Dewey Decimal Classification   Préstamo interno   Congresos Biblioteca Central Biblioteca Central Planta alta - Área de Tesis - Congresos 31/12/2019 LIBRO   633.1 M48 1989 33724000190237 31/12/2019 c.2 31/12/2019 Libro
    Dewey Decimal Classification   Préstamo 15 días   General Biblioteca Central Biblioteca Central Planta principal - Colección General 31/12/2019 LIBRO   633.1 M48 1989 33724000190229 31/12/2019   31/12/2019 Libro
    Dewey Decimal Classification   Préstamo 15 días   General Biblioteca Central Biblioteca Central Planta principal - Colección General 31/12/2019 LIBRO   633.1 M48 1989 33724000679510 31/12/2019 c.3 31/12/2019 Libro